| 000 | 00656nam a22002297a 4500 | ||
|---|---|---|---|
| 005 | 20170124110109.0 | ||
| 010 | _aA-997908 | ||
| 020 | _c00.00 | ||
| 035 | _aA-997908 | ||
| 037 | _bCen Lib/Ret | ||
| 040 |
_aDPL _bEN |
||
| 082 |
_a954.09 _bGOP |
||
| 100 |
_aGopal Krishna, R. _928749 |
||
| 245 |
_aIndia : _cby R.Gopal Krishna _ba nation in turmoil / |
||
| 260 |
_bUBS Publishers _c2000 _aNew Delhi |
||
| 270 |
_a5, Ansari Road _bNew Delhi _e110002 |
||
| 300 |
_axii,450p. _c20cm(Hb) |
||
| 500 | _aIncludes index | ||
| 650 |
_aIndia without Nehru _928750 |
||
| 650 |
_aNehru and the world _928751 |
||
| 942 |
_2ddc _cEN _h954.09 _mGOP |
||
| 999 |
_c130270 _d130270 |
||